WOOD AND FIBRE SCIENCE (Record no. 15390)

MARC details
000 -LEADER
fixed length control field 00415nam a2200145Ia 4500
022 ## - INTERNATIONAL STANDARD SERIAL NUMBER
ISSN 0735-6161
245 #0 - TITLE STATEMENT
Title WOOD AND FIBRE SCIENCE
260 ## - PUBLICATION, DISTRIBUTION, ETC. (IMPRINT)
Name of publisher Society of Wood Science and Technology, Madison
Place of publication USA
310 ## - CURRENT PUBLICATION FREQUENCY
Current publication frequency Q
500 ## - GENERAL NOTE
General note Ending Volume & Year: 23, 1991
500 ## - GENERAL NOTE
General note Missing Volume: 23(2-4)
500 ## - GENERAL NOTE
General note Starting Volume & Year: 20, 1988
942 ## - ADDED ENTRY ELEMENTS (KOHA)
Koha item type Bound Journal
Holdings
Withdrawn status Lost status Damaged status Not for loan Home library Current library Date acquired Accession Number Koha item type
      Bound journals RRII Library RRII Library 31/12/2021 15160J Bound Journal